| 000 | 00509nam a2200145 a 4500 | ||
|---|---|---|---|
| 008 | 120416s1960 ||||||||||||||||| || u | ||
| 050 | _aQA 263 Bel | ||
| 100 | _aBellman, Richard Ernest | ||
| 245 | 1 | 0 | _aIntroduction to Matrix analysis |
| 250 | _a2nd.ed | ||
| 260 |
_aNew York _bMcGraw-Hill _c1960 (1970) |
||
| 300 | _axxiii, 403p. | ||
| 350 | _a0.00 | ||
| 995 |
_D0.00 _FCBU-MAIN LIBRARY (Kitwe) _H1 _I15.95 _M1 _UAVAILABLE _ZMain Library Open Access Collection |
||
| 999 |
_c47862 _d47862 |
||